000 00567nam a2200193Ia 4500
003 GCL
008 140319s9999 xx 000 0 ara d
040 _aGCL /
_cGCL
082 0 4 _a212.9
_bم ف
100 1 _aمصطفى عبدالرحمن
245 1 0 _aفنون رمضان /
_cمصطفى عبدالرحمن
300 _a156 ص
490 _aالهيئة العامة للاستعلامات
_v0
650 0 4 _aالدين الاسلامى
650 0 4 _aعيد الفطر
650 0 4 _aالاعياد الاسلامية
650 0 4 _aرمضان
942 _2ddc
_cBK
999 _c50680
_d50680